Advances in Polymeric Materials for Biomedical Applications (Record no. 20528)

MARC details
000 -LEADER
fixed length control field 01366nam a2200133Ia 4500
008 - FIXED-LENGTH DATA ELEMENTS--GENERAL INFORMATION
fixed length control field 220616s9999||||xx |||||||||||||| ||und||
020 ## - INTERNATIONAL STANDARD BOOK NUMBER
International Standard Book Number 9783040000000
245 #0 - TITLE STATEMENT
Title Advances in Polymeric Materials for Biomedical Applications
546 ## - LANGUAGE NOTE
Language note English[eng]
650 ## - SUBJECT ADDED ENTRY--TOPICAL TERM
Topical term or geographic name entry element fish gelatin||citric acid||electrospinning||pH||thermal treatment||gelatin structure||crosslinking degree||dendrimer||metallodendrimer||acridine||antimicrobial activity||antibacterial cotton||polystyrene||nylon 6||electrospun fibers||composite mesh||proliferation||roughness||Ti6Al4V||polydopamine||antimicrobial peptides||cathelicidin||KR-12||polyhydroxyalkanoates||oligo(3-hydroxy-3-(4-methoxybenzoyloxymethyl)propionate)||bioactive (co)oligoesters||p-anisic acid derivatives||hydrolytic degradation||cosmetic delivery system||ESI-MS||multistage mass spectrometry||whey protein isolate||hydrogel||tannic acid||anticancer scaffold||3D printing||fused deposition modelling (FDM)||computer aided design (CAD)||erosion test||dissolution study||dynamic light scattering (DLS)||poly(2-isopropenyl-2-oxazoline)||immunomodulation||cytokines||RAW 264.7||phagocytosis||cell internalization||antifungal||thymoquinone||ocimene||miramistin amphotericin b||bacterial cellulose||wound dressing
700 ## - ADDED ENTRY--PERSONAL NAME
Personal name Radecka, Iza||Kowalczuk, Marek M.
856 ## - ELECTRONIC LOCATION AND ACCESS
Uniform Resource Identifier <a href="https://mdpi.com/books/pdfview/book/5048">https://mdpi.com/books/pdfview/book/5048</a>
942 ## - ADDED ENTRY ELEMENTS (KOHA)
Koha item type E-Books
Holdings
Withdrawn status Lost status Damaged status Not for loan Home library Current library Date acquired Total Checkouts Date last seen Price effective from Koha item type
        Kerala University of Digital Sciences, Innovation and Technology Knowledge Centre Kerala University of Digital Sciences, Innovation and Technology Knowledge Centre 16/06/2022   16/06/2022 16/06/2022 E-Books